000 00438nam a2200193Ia 4500
005 20240823034916.0
008 240823s9999||||xx |||||||||||||| ||und||
020 _a978-93-5029-043-9
041 _aENGLISH
082 _A823.92 Q1
100 _aGajra Kottary
245 0 _aBroken Melodies
250 _a1st
260 _c2011
_bHarper Collins Publi
500 _aYES
650 _aNovle
_bGeneral
942 _cBK
999 _c199420
_d199420